000 00722nam a22002177a 4500
003 UA-OsUOA
001 60896
007 ta
008 20090610b un ||||| |||| 00| 0 ukr d
100 _aТараненко О.О.
090 _a81
_bТ19
942 _cSA
040 _aUA-OsUOA
_bukr
_cUA-OsUOA
_dUA-OsUOA
245 _aУкраїнський і російський мовно-культурні вектори в сучасній Україні: реальність, політизація, міфи
300 _aС.3-34
955 _a0
041 _aukr
080 _a81
773 0 _w60895
650 7 _a8 Мовознавство. Художня література. Літературознавство
_2UDC
999 _c346977
_d346977